Catálogo

INTRODUCCION A LA INGENIERIA QUIMICA (Registro nro. 37277)

Detalles MARC
000 -LEADER
fixed length control field 00553nam a2200205 a 4500
001 - CONTROL NUMBER
control field 37277
005 - DATE AND TIME OF LATEST TRANSACTION
control field 20180714010144.0
008 - FIXED-LENGTH DATA ELEMENTS--GENERAL INFORMATION
fixed length control field 140415s1970 mx 000 0 spa d
020 ## - INTERNATIONAL STANDARD BOOK NUMBER
International Standard Book Number 9684511957
041 ## - LANGUAGE CODE
Language code of text/sound track or separate title spa
082 ## - DEWEY DECIMAL CLASSIFICATION NUMBER
Classification number 660.28
Item number BAD
100 1# - MAIN ENTRY--PERSONAL NAME
Personal name BADGER, WALTER L.
245 10 - TITLE STATEMENT
Title INTRODUCCION A LA INGENIERIA QUIMICA
250 ## - EDITION STATEMENT
Edition statement 1a ed.
260 ## - PUBLICATION, DISTRIBUTION, ETC.
Place of publication, distribution, etc. MEXICO :
Name of publisher, distributor, etc. MCGRAW-HILL DE MEXICO,
Date of publication, distribution, etc. 1970
300 ## - PHYSICAL DESCRIPTION
Extent 476
650 14 - SUBJECT ADDED ENTRY--TOPICAL TERM
Topical term or geographic name entry element INGENIERIA QUIMICA
700 1# - ADDED ENTRY--PERSONAL NAME
Personal name ARRIERO, RICARDO
Relator term tr.
700 1# - ADDED ENTRY--PERSONAL NAME
Personal name BANCHERO, JULIUS T.
Relator term coaut.
Existencias
Withdrawn status Lost status Source of classification or shelving scheme Damaged status Not for loan Collection code Home library Current library Shelving location Date acquired Source of acquisition Inventory number Total Checkouts Full call number Barcode Date last seen Price effective from Koha item type
    Dewey Decimal Classification     General Biblioteca Karol Wojtyla Biblioteca Karol Wojtyla Área de silencio 03/12/2013 Compra 151000000000000000030561   660.28 BAD 56077 05/01/2026 03/12/2013 Libro